000 00630nam a2200229Ia 4500
003 OSt
005 20221007075336.0
006 a|||||r|||| 00| 0
007 ta
008 221006b |||||||| |||| 00| 0 eng d
024 _a16,525
037 _cTextual
040 _aFLL
_cFLL
_beng
041 _2eng
_aeng
082 _aY:6.2.N7, M0
100 _aChaturvedi T.N. Au.
_9693808
245 0 _aSocial administration
260 _aNew Delhi
_bIndian institute of public administration India
_c1980
300 _a440p
_ccm.
942 _hY:6.2.N7, M0
_cTEXL
_2CC
999 _c1155699
_d1155699